Statistics for Marvel Universes

Click here to take the quiz!

General Stats

  • This quiz has been taken 11 times
  • The average score is 6 of 30

Answer Stats

HintEarth #% Correct
Main universe616
88%
DC universe0
63%
Punk-rock inspired universe138
38%
Marvel Cinematic Universe199999
38%
Universe where Gwen Stacy is Spider-Woman65
38%
Alternate universe seen in Doctor Strange in the Multiverse of Madness838
38%
Insomniac's "Gamer-Verse"1048
25%
Lego Universe13122
25%
Ultimate comics universe1610
25%
The universe without a Spider-Man42
25%
Universe containing Mumbattan50101
25%
Our universe1218
13%
Futuristic anime universe14512
13%
Age of Apocalypse universe295
13%
Universe taking place in 1602311
13%
Sony-Verse688
13%
Days of Future Past timeline811
13%
Cartoon animal universe8311
13%
Noir universe90214
13%
Maestro's universe9200
13%
Futuristic universe containing Nueva York928
13%
MC2 Earth982
13%
Cancerverse10011
0%
The universe Deadpool killed12101
0%
Battleworld15513
0%
Marvel Zombies universe2149
0%
Mangaverse2301
0%
House of M universe58163
0%
Old Man Logan's timeline807128
0%
Universe created for Phil Coulson by MephistoTRN852
0%

Score Distribution

Percentile by Number Answered

Percent of People with Each Score

Your Score History

You have not taken this quiz